Mr. Big Art

Uloženo v:
Podrobná bibliografie
Hlavní autor: Autori Vari
Médium: Kniha
Jazyk:angličtina
Tagy: Přidat tag
Žádné tagy, Buďte první, kdo vytvoří štítek k tomuto záznamu!

MARC

LEADER 00000nam a2200000 4500
005 20240724170622.0
008 240724b |||||||| |||| 00| 0 eng d
040 |c GP 
100 |a Autori Vari 
245 |a Mr. Big Art 
942 |2 ddc  |c BK  |n 0 
952 |0 0  |1 0  |2 ddc  |4 0  |6 741_000000000000000_VAR  |7 1  |9 1701  |a RM  |b RM  |d 2024-07-24  |l 0  |o 741 VAR  |p 455  |r 2024-07-24 17:06:40  |w 2024-07-24  |y BK 
999 |c 1514  |d 1514